parasympathetic & sympathetic drugs - Statistics

General Stats
  • This quiz has been taken 12 times
  • The average score is 23 of 59
Answer Stats
Hint Answer % Correct
What are the adrenergic agonists? Adrenaline
100%
Dopamine
89%
Noradrenaline
89%
Pseudoephedrine
78%
What receptors do they work on? alpha 1
67%
Phenylephrine
67%
Salbutamol
67%
Atenolol
56%
What are the parasympatholytics? Atropine
56%
beta 1
56%
beta 2
56%
What are the adrenergic antagonists? Prazosin
56%
What are the common uses? anaphylaxis
44%
asthma
44%
What type of agonist/antagonist is it? competitive nicotinic antagonist
44%
What are they used for? diagnosis of Myasthenia gravis
44%
Ipratropium
44%
nasal decongestant
44%
Propranolol
44%
respiratory use (green inhalers for bronchodilation)
44%
Scopolamine
44%
Tropicamide
44%
alpha 1, alpha 2
33%
alpha 1, alpha 2, beta 1
33%
alpha 1, alpha 2, beta 1
33%
What receptors do they work on? alpha 1, alpha 2, beta 1, beta 2
33%
alpha 1, alpha 2, beta 1, beta 2
33%
alpha agonist
33%
alpha agonist
33%
What is the neuromuscular blocker? Atracurium
33%
beta 2 agonist
33%
cardiac arrest
33%
cardiovascular reasons (antiarrhythmic and vasodilation)
33%
cardiovascular reasons (antiarrhythmic and vasodilation)
33%
What are the common uses? cardiovascular reasons (vasodilation)
33%
What kind of agonist/antagonists are they? competitive antagonists (antimuscarinics)
33%
constant rate infusions for dangerous hypotension
33%
Edrophonium
33%
gastrointestinal use (decrease abdominal pain associated with GIT cramping)
33%
What kind of agonist are they? mixed agonist
33%
mixed agonist
33%
mixed agonist
33%
What kind of agonist/antagonist is it? muscarinic agonist
33%
What are the cholinesterase inhibitors? Neostigmine
33%
ocular decongestant
33%
Pyridostigmine
33%
added to other drugs to improve their efficacy
22%
beta 1, beta 2
22%
What is the parasympathomimetic? Bethanecol
22%
chronic obstructive pulmonary disease (COPD)
22%
ophthalmic use (ciliary muscle paralysis to relieve ciliary spasm)
22%
antidotes to NM blockers
11%
What is it used for? atonic (stretched) bladder
11%
What are the common uses? cardiovascular reasons
11%
myocardial contraction (medium doses)
11%
What are the common uses for it? paralysis of extraocular skeletal muscles during intraocular surgery (eg. cataract surgery)
11%
paralysis of respiratory skeletal muscles during a thoracotomy
11%
vasoconstriction (high doses)
11%
vasodilation (low doses)
11%
No matching quizzes found
Score Distribution
Percent of People with Each Score
Percentile by Number Answered
Your Score History
You have not taken this quiz